شیخ غلام ہمدانی مصحفی : (Record no. 106428)

MARC details
000 -LEADER
fixed length control field 00911nam a22002537a 4500
005 - DATE AND TIME OF LATEST TRANSACTION
control field 20170123162309.0
010 ## - LIBRARY OF CONGRESS CONTROL NUMBER
LC control number B-123637
020 ## - INTERNATIONAL STANDARD BOOK NUMBER
Terms of availability 200.00
035 ## - SYSTEM CONTROL NUMBER
System control number B-123637
037 ## - SOURCE OF ACQUISITION
Source of stock number/acquisition Cen Lib/Ret
040 ## - CATALOGING SOURCE
Original cataloging agency DPL
Language of cataloging UR
082 ## - DEWEY DECIMAL CLASSIFICATION NUMBER
Classification number 841.08
Item number م ص ح
245 ## - TITLE STATEMENT
Title شیخ غلام ہمدانی مصحفی :
Statement of responsibility, etc مرتب نظیر احمد
Remainder of title تحیقی و تنقیدی جائزے /
246 ## - VARYING FORM OF TITLE
Title proper/short title Shaikh Ghulam Humdani Mohsifi : tahqeeqi v tanqeedi jaeze /
Remainder of title edited by Nazeer Ahmad
260 ## - PUBLICATION, DISTRIBUTION, ETC. (IMPRINT)
Place of publication, distribution, etc دہلی
Name of publisher, distributor, etc غالب انسٹیٹیوٹ
Date of publication, distribution, etc 2005
270 ## - ADDRESS
City دہلی
Address ہونے غالب مرگ
Postal code 110002
300 ## - PHYSICAL DESCRIPTION
Extent 360p.
Dimensions 21cm(Hb)
650 ## - SUBJECT ADDED ENTRY--TOPICAL TERM
Topical term or geographic name as entry element اردو ادب
9 (RLIN) 111609
650 ## - SUBJECT ADDED ENTRY--TOPICAL TERM
Topical term or geographic name as entry element اردو سوانح عمری
9 (RLIN) 111610
650 ## - SUBJECT ADDED ENTRY--TOPICAL TERM
Topical term or geographic name as entry element Urdu literature
9 (RLIN) 111611
650 ## - SUBJECT ADDED ENTRY--TOPICAL TERM
Topical term or geographic name as entry element Urdu biography
9 (RLIN) 511
700 ## - ADDED ENTRY--PERSONAL NAME
Personal name نظیر احمد
9 (RLIN) 111612
942 ## - ADDED ENTRY ELEMENTS (KOHA)
Source of classification or shelving scheme Dewey Decimal Classification
Koha item type Urdu Bks
Classification part 841.08
Call number suffix م ص ح
Holdings
Withdrawn status Lost status Damaged status Not for loan Home library Current library Date acquired Source of acquisition Cost, normal purchase price Total Checkouts Full call number Barcode Date last seen Date checked out Copy number Cost, replacement price Price effective from Koha item type
        Central Library Central Library 21/12/2015 Cen Lib/Ret 200.00 1 841.08 م ص ح B-123637 27/09/2017 17/08/2017 1 200.00 21/12/2015 Urdu Bks

© Delhi Public Library
Hit Counter
free hit counter